000 00521nam a2200193Ia 4500
003 OSt
005 20250304100111.0
008 210210b1970 xxu||||| |||| 00| 0 eng d
040 _cAL
041 _aKannada
082 _aK894.9 ADYK
100 _aADYA RANGACHARYA.
_dಆದ್ಯ ರಂಗಾಚಾರ್ಯ
_9202235
245 _aKalidasa.
_bಕಾಳಿದಾಸ
260 _aMaisuru
_bUsha Sahitya Male
_c1970
300 _a200,8
690 _aKannada Criticism
_9202237
906 _aSG02525
942 _2ddc
_cBK
999 _c113632
_d113632